000 00679nam a22002297a 4500
003 DO-SdBNP
005 20260305074000.0
007 ta
008 221117b2022 dr |||| |||| 00| 0 spa d
020 _a9789945635287
040 _aDO-SdBNP
_bspa
_cBNPHU
082 4 _222
100 1 _aGerón, Candido,
_d1948-
_93577
245 1 3 _aEl caballero :
_bnovela /
_cMartín Brito Gabriel
260 _aSanto Domingo :
_bSantuario,
_c2022.
300 _a215 p. :
_bil. ;
_c23 cm.
500 _aIncluye datos biográficos del autor en las solapas
500 _aLa biblioteca posee 1 ejemplar autografíado
590 _aInventariado, 2022/BT
910 _aBtavárez
942 _2ddc
_cLBS1
999 _c52967
_d52967